Azeem Quaid Azeem Tehreek (Record no. 188019)

000 -LEADER
fixed length control field 00360 a2200157 4500
003 - CONTROL NUMBER IDENTIFIER
control field Nust
005 - DATE AND TIME OF LATEST TRANSACTION
control field 20170207153532.0
040 ## - CATALOGING SOURCE
Transcribing agency Nust
082 ## - DEWEY DECIMAL CLASSIFICATION NUMBER
Classification number 954.91
100 ## - MAIN ENTRY--PERSONAL NAME
Personal name Wali Mazhar
245 ## - TITLE STATEMENT
Title Azeem Quaid Azeem Tehreek
Statement of responsibility, etc. Wali Mazhar
260 ## - PUBLICATION, DISTRIBUTION, ETC.
Place of publication, distribution, etc. Multan
Name of publisher, distributor, etc. Muslim league
300 ## - PHYSICAL DESCRIPTION
Extent 952:p
538 ## - SYSTEM DETAILS NOTE
System details note Almirah No.64 Shelf No.6
650 ## - SUBJECT ADDED ENTRY--TOPICAL TERM
Topical term or geographic name entry element Pakistan History
942 ## - ADDED ENTRY ELEMENTS (KOHA)
Source of classification or shelving scheme
Koha item type Book
Holdings
Withdrawn status Lost status Source of classification or shelving scheme Damaged status Not for loan Collection code Permanent Location Current Location Date acquired Total Checkouts Full call number Barcode Date last seen Price effective from Koha item type
            Military College of Signals (MCS) Military College of Signals (MCS) 12/12/2016   954.91 WAL MCS34202 12/08/2016 12/12/2016 Book
© 2023 Central Library, National University of Sciences and Technology. All Rights Reserved.